| 000 | 00760nam a2200181Ia 4500 | ||
|---|---|---|---|
| 008 | 100921s9999 xx 000 0 und d | ||
| 082 |
_b25953 _a040 0 |
||
| 100 | _aखाडिलकर नीलकंठ यशवंत.संपा. | ||
| 245 | _aआचार्य अत्रे झंझावात. | ||
| 260 |
_bशलाका प्रकाशन,मुंबई. _c0 |
||
| 300 |
_a73 _bरसिक साहित्य,पुणे |
||
| 365 | _b25 | ||
| 520 | _aसंकीर्ण-लेख,निबंध. | ||
| 630 | _aआचार्य अत्रे झंझावात. | ||
| 650 | _aसंकीर्ण-लेख,निबंध. | ||
| 730 | _aआचार्य अत्रे झंझावात. | ||
| 942 | _cBOOK | ||
| 999 |
_c775066 _d775063 |
||